| 000 | 00516nam a2200205 a 4500 | ||
|---|---|---|---|
| 001 | 11141 | ||
| 003 | CO-ViMGA | ||
| 008 | 141112s2004 ck r 000 u spa d | ||
| 020 | _a9800100139 | ||
| 040 |
_aCO-ViMGA _bspa _cCO-ViMGA |
||
| 082 | 0 | 4 | _aI863.6 M17p20 |
| 100 | 1 |
_aMassiani, Francisco _911382 |
|
| 245 | 1 | 0 | _aPiedra de mar |
| 250 | _a10 | ||
| 260 |
_aCaracas, _cMonte Avila editores, _c1990 |
||
| 300 | _a180 p. | ||
| 490 | _aLetra viva | ||
| 650 | 1 | 4 |
_aCUENTOS JUVENILES CHILENOS _911383 |
| 942 |
_2ddc _cBK |
||
| 999 |
_c36873 _d36873 |
||